ბათუმის შოთა რუსთაველის სახელმწიფო უნივერსიტეტის ბიბლიოთეკა

Netzwerk neu A1 : (ბიბ.ჩანაწერი № 63859)

000 -LEADER
fixed length control field 00786nam a22002057a 4500
005 - DATE AND TIME OF LATEST TRANSACTION
control field 20260209113731.0
008 - FIXED-LENGTH DATA ELEMENTS--GENERAL INFORMATION
fixed length control field 260209s2024 gw ||||| |||| 00| 0 goh d
020 ## - INTERNATIONAL STANDARD BOOK NUMBER
International Standard Book Number 9783126071475x
041 ## - LANGUAGE CODE
Language code of text/sound track or separate title goh
080 ## - UNIVERSAL DECIMAL CLASSIFICATION NUMBER
Universal Decimal Classification number 811.112.2'373 N-46
245 ## - TITLE STATEMENT
Title Netzwerk neu A1 :
Remainder of title Kursbuch mit Audios und Videos /
Statement of responsibility, etc. Stefanie Dengler, Tanja Mayr-Sieber, Paul Rusch, Helen Schmitz.
264 ## - PRODUCTION, PUBLICATION, DISTRIBUTION, MANUFACTURE, AND COPYRIGHT NOTICE
Place of production, publication, distribution, manufacture Shuttgart :
Name of producer, publisher, distributor, manufacturer Ernst Klett Sprachen,
Date of production, publication, distribution, manufacture, or copyright notice 2024.
300 ## - PHYSICAL DESCRIPTION
Extent 176 p.:
Other physical details ill.
Dimensions 29 cm.
653 ## - INDEX TERM--UNCONTROLLED
keyword გერმანული ენა
700 ## - ADDED ENTRY--PERSONAL NAME
Personal name Dengler, Stefanie
Relator term ავტორი
9 (RLIN) 26824
700 ## - ADDED ENTRY--PERSONAL NAME
Personal name Mayr-Sieber, Tanja
Relator term ავტორი
9 (RLIN) 26821
700 ## - ADDED ENTRY--PERSONAL NAME
Personal name Rusch, Paul
Relator term ავტორი
9 (RLIN) 26825
700 ## - ADDED ENTRY--PERSONAL NAME
Personal name Schmitz, Helen
Relator term ავტორი
9 (RLIN) 26826
942 ## - ADDED ENTRY ELEMENTS (KOHA)
Source of classification or shelving scheme
Koha item type წიგნი
ეგზემპლარები
Withdrawn status Lost status Source of classification or shelving scheme Damaged status Not for loan Permanent Location Current Location Shelving location Date acquired Cost, normal purchase price Full call number Barcode Date last seen Copy number Uniform Resource Identifier Price effective from Koha item type Public note
          ბათუმის შოთა რუსთაველის სახელმწიფო უნივერსიტეტის მთავარი ბიბლიოთეკა ბათუმის შოთა რუსთაველის სახელმწიფო უნივერსიტეტის მთავარი ბიბლიოთეკა წიგნსაცავი 2026-02-09 120.00 811.112.2'373 N-46 73626 2026-02-09 73626 ტენდერი N 404952306 2026-02-09 წიგნი 120 ლ.
          ბათუმის შოთა რუსთაველის სახელმწიფო უნივერსიტეტის მთავარი ბიბლიოთეკა ბათუმის შოთა რუსთაველის სახელმწიფო უნივერსიტეტის მთავარი ბიბლიოთეკა წიგნსაცავი 2026-02-09 120.00 811.112.2'373 N-46 73625 2026-02-09 73625 ტენდერი N 404952306 2026-02-09 წიგნი 120 ლ.
          ბათუმის შოთა რუსთაველის სახელმწიფო უნივერსიტეტის მთავარი ბიბლიოთეკა ბათუმის შოთა რუსთაველის სახელმწიფო უნივერსიტეტის მთავარი ბიბლიოთეკა წიგნსაცავი 2026-02-09 120.00 811.112.2'373 N-46 73624 2026-02-09 73624 ტენდერი N 404952306 2026-02-09 წიგნი 120 ლ.